Nanas para nenes : (Registro nro. 45274)
[ vista simple ]
| 000 -CABECERA | |
|---|---|
| campo de control de longitud fija | 00707nam a2200181 a 4500 |
| 001 - NÚMERO DE CONTROL | |
| campo de control | 000045785 |
| 005 - FECHA Y HORA DE LA ÚLTIMA TRANSACCIÓN | |
| campo de control | 20201002052437.0 |
| 008 - DATOS DE LONGITUD FIJA--INFORMACIÓN GENERAL | |
| campo de control de longitud fija | 150512s1985 pr ac 000 0 spa d |
| 040 ## - FUENTE DE LA CATALOGACIÓN | |
| Centro catalogador/agencia de origen | DO-SdBNP |
| Lengua de catalogación | spa |
| Centro/agencia transcriptor | BNPHU |
| 082 ## - NÚMERO DE LA CLASIFICACIÓN DECIMAL DEWEY | |
| Número de clasificación | xxxx |
| Número de documento/Ítem | xxxx |
| 100 1# - ENTRADA PRINCIPAL--NOMBRE DE PERSONA | |
| Nombre de persona | Rodríguez Nietzsche, Vicente |
| 9 (RLIN) | 56084 |
| 245 10 - MENCIÓN DE TÍTULO | |
| Título | Nanas para nenes : |
| Resto del título | Nanas para niños serios / |
| Mención de responsabilidad, etc. | Vicente Rodríguez Nietzsche, Andrés Castro Ríos. |
| 260 ## - PUBLICACIÓN, DISTRIBUCIÓN, ETC. | |
| Lugar de publicación, distribución, etc. | San Juan, Puerto Rico : |
| Nombre del editor, distribuidor, etc. | PENCLUB de Puerto Rico, |
| Fecha de publicación, distribución, etc. | 1985. |
| 300 ## - DESCRIPCIÓN FÍSICA | |
| Extensión | 87 p. : |
| Otras características físicas | il., retrs. ; |
| Dimensiones | 26 cm. |
| 505 0# - NOTA DE CONTENIDO CON FORMATO | |
| Nota de contenido con formato | Nanas para niños serios / |
| Mención de responsabilidad | Andrés Castro Ríos. |
| 500 ## - NOTA GENERAL | |
| Nota general | Incluye datos biográficos de los autores. |
| 700 12 - PUNTO DE ACCESO ADICIONAL--NOMBRE DE PERSONA | |
| Nombre de persona | Castro Ríos, Andrés |
| Título de la obra | Nanas para niños serios |
| 9 (RLIN) | 73868 |
| Estado de retiro | Estado de pérdida | Restricciones de uso | No para préstamo | Código de colección | Localización permanente | Ubicación/localización actual | Ubicación en estantería | Fecha de adquisición | Número de inventario | Total de préstamos | Signatura topográfica completa | Código de barras | Fecha visto por última vez | Precio válido a partir de | Tipo de ítem Koha | Nota pública |
|---|---|---|---|---|---|---|---|---|---|---|---|---|---|---|---|---|
| Excluido de préstamo | Monografías: Libros y Folletos | Patrimonio Dominicano | Patrimonio Dominicano | En catalogación | 12.05.2015 | LF1 | xxxx xxxx | 45785-10 | 25.06.2020 | 25.06.2020 | No se presta | Perteneció a la biblioteca personal de Erick Landestoy. |
